00353nam a2200109Ia 4500008004100000082001700041100002600058245003800084260003000122300000900152650008200161211119s9999||||xx |||||||||||||| ||und|| a158.1bPEA-S aPeale, Norman Vincent 0aSHUBHACHINTHAYUDE SAKTI KANDETHAL bD c BooksaKottayamc2007 a148p aphilosophy & psychologyvpsychologyApplied psychologyGeneraliaxGeneral Stack